عرض عادي
عرض مارك
- Das S. R.
مدخل إسم شخص
001 - رقم الضبط
- حقل الضبط: 38031
003 - معرف رقم الضبط
- حقل الضبط: OSt
005 - تاريخ ووقت أخر عملية
- حقل الضبط: 20131020020049.0
008 - عناصر بيانات ثابتة الطول
- حقل تحكم ثابت الطول: 131020|||a|||||| | ||| d
040 ## - مصدر الفهرسة
- هيئة الفهرسة الأصلية: OSt
- وكالة الكتابة: OSt
100 ## - مدخل -- أسم شخص
- إسم شخص: Das S. R.
670 ## - بيانات المصدر موجوده
- الاستشهاد بالمصدر: Work cat.: (OSt): Panda, S. 37949, Control Systems Engineering /, 2013.
